Τα χρόνια της αθωότητας

Αποθηκεύτηκε σε:
Λεπτομέρειες βιβλιογραφικής εγγραφής
Κύριος συγγραφέας: Wharton, Edith, 1862-1937
Μορφή: Βιβλίο
Γλώσσα:Greek
English
Δημοσίευση: Αθήνα : Χάρλενικ Ελλας, c2008.
Σειρά:Μεγάλοι έρωτες
Θέματα:
Ετικέτες: Προσθήκη ετικέτας
Δεν υπάρχουν, Καταχωρήστε ετικέτα πρώτοι!

MARC

LEADER 00000cam a2200000 a 4500
001 1/123661
008 211008s2008####gr | ||| |||| ||gre||
020 |a 9789606201912 
040 |a GR-MyUa  |b gre  |c GR-MyUa  |e AACR2 
041 1 |a gre  |h eng 
082 7 |a 813   |2 (23) 
100 1 |a Wharton, Edith,   |d 1862-1937. 
245 1 3 |a Τα χρόνια της αθωότητας /   |c Edith Wharton ; μετάφραση: Κλαίρη Λαϊνά. 
260 |a Αθήνα :   |b Χάρλενικ Ελλας,   |c c2008. 
300 |a 238 σ. ;   |c 18 εκ. 
490 1 |a (Μεγάλοι έρωτες) 
500 |a Τίτλος πρωτοτύπου: The age of innocence. 
650 0 |a American fiction 
830 0 |a Μεγάλοι έρωτες